00479nam a2200121Ia 4500041001200000082001200012100005800024245012800082260006600210300000900276650004900285650002300334 aEnglish aRR.0299 aR., Prakash OillaiuLoyola college of Social Sciences 0aSocial orientation of higher education institutions in India (with special reference to Kerala state) / cPrakash Oillai R. aNew Delhi :bIndian Council of Social Science Research,c2014 av.p. aHigher education institutionszIndiazKerala aEducational change